| 000 | 00883nam a2200265Ia 4500 | ||
|---|---|---|---|
| 003 | OSt | ||
| 005 | 20220923211502.0 | ||
| 006 | a|||||r|||| 00| 0 | ||
| 007 | ta | ||
| 008 | Pun | ||
| 020 |
_a9789352044740 (hbk) _c695 |
||
| 024 | _a328,389 | ||
| 037 |
_b1013, 25/01/2018, H.K. Prakashan _cTextual |
||
| 040 |
_aARTS _cARTS _bPun |
||
| 041 |
_2Pun _aPun |
||
| 082 | _aO153,3NAL,AN, Q6 | ||
| 100 |
_aਆਲਮਗੀਰ, ਅFੋਕ ਚਰਨ, ਂਚ. _9160600 |
||
| 245 | 0 | _aਆਦਮਨਾਮਾ | |
| 260 |
_aਚੰਡੀਗੜ _b ਲੋਕਗੀਤ ਪ੍ਰਕਾFਨ _c2016 |
||
| 300 |
_a594ਪ0 _ccm. |
||
| 650 | _a ਪੰਜਾਬੀ ਕਹਾਣੀ | ||
| 650 | _aਪੰਜਾਬੀ ਸਾਹਿਤ | ||
| 942 |
_hO153,3NAL,AN, Q6 _cTEXL _2CC |
||
| 999 |
_c300022 _d300022 |
||